Spartak Moscow players (2010-2020) - Statistics

General Stats
  • This quiz has been taken 6 times
  • The average score is 59 of 124
Answer Stats
Rank Player Positions Nationality Matches Goals (assists) Period % Correct
1 Dmitriy Kombarov LB 226 21 (35) 2009-2009, 2010-2019
100%
5 Jano Ananidze AM 114 10 (12) 2009-2009, 2010-2013, 2014-2020
100%
22 Kirill Kombarov RB 73 0 (9) 2010-2014, 2015-2016
100%
31 Welliton ST 54 26 (7) 2009-2009, 2010-2013
100%
27 Yura Movsisyan ST 62 25 (8) 2012-2016
100%
23 Aiden McGeady LW 72 11 (24) 2009-2009, 2010-2014
83%
38 Aleksandr Samedov RW 39 5 (2) 2016-2019
83%
43 Aras Özbiliz RW 35 3 (3) 2013-2016
83%
15 Artem Dzyuba ST 81 22 (16) 2009-2009, 2010-2013, 2014-2015
83%
6 Artem Rebrov GK 113 0 (0) 2010-2020
83%
2 Denis Glushakov CM 147 22 (7) 2013-2019
83%
16 Fernando DM 78 11 (8) 2016-2020
83%
17 Georgiy Dzhikiya CB 78 4 (2) 2016-2020
83%
21 Ilya Kutepov CB 73 1 (0) 2012-2013, 2015-2020
83%
18 Ivelin Popov AM 77 6 (11) 2015-2019
83%
25 José Manuel Jurado AM 66 14 (10) 2012-2016
83%
4 Quincy Promes LW 115 59 (28) 2014-2019
83%
11 Rafael Carioca DM 89 2 (3) 2010-2015
83%
8 Salvatore Bocchetti CB 95 5 (0) 2012-2019
83%
20 Serdar Taşçı CB 74 2 (2) 2013-2018
83%
7 Sergey Parshivlyuk RB 107 2 (12) 2009-2009, 2010-2012, 2013-2016
83%
13 Zé Luís ST 86 25 (20) 2015-2019
83%
32 Aleksandr Maksimenko GK 52 0 (0) 2018-2020
67%
50 Aleksandr Selikhov GK 27 0 (0) 2016-2019
67%
85 Aleksandr Sobolev ST 11 2 (2) 2019-2020
67%
68 Alex Král CM 19 0 (0) 2019-2020
67%
78 André Schürrle LW 13 1 (2) 2019-2020
67%
24 Andriy Dykan GK 69 0 (0) 2009-2009, 2010-2014
67%
3 Evgeniy Makeev RB 145 1 (8) 2009-2009, 2010-2017
67%
30 Kim Källström CM 58 5 (6) 2012-2015
67%
12 Lorenzo Melgarejo LW 88 11 (7) 2015-2020
67%
29 Luiz Adriano ST 59 19 (14) 2016-2020
67%
14 Marek Suchy CB 84 5 (3) 2009-2009, 2010-2014
67%
64 Mario Pasalić CM 21 4 (1) 2017-2018
67%
89 Martin Jiránek CB 10 1 (0) 2009-2009
67%
76 Martin Stranzl CB 15 0 (0) 2009-2009
67%
82 Nikita Bazhenov ST 12 0 (2) 2009-2009
67%
26 Pavel Yakovlev RW 62 6 (7) 2009-2009, 2010-2015
67%
9 Roman Zobnin CM 94 5 (6) 2016-2020
67%
48 Tino Costa CM 31 3 (7) 2013-2015
67%
108 Aleksandr Putsko CB 3 0 (1) 2015-2017
50%
53 Alex AM 25 3 (11) 2009-2009, 2010-2011
50%
10 Ari ST 89 21 (15) 2009-2009, 2010-2013
50%
63 Ayaz Guliyev CM 21 1 (0) 2018-2020
50%
37 Ayrton Lucas LB 40 0 (5) 2018-2020
50%
54 Demy de Zeeuw CM 25 2 (2) 2010-2013
50%
45 Denis Davydov ST 33 1 (4) 2013-2017
50%
79 Emin Mahmudov CM 13 0 (1) 2010-2013
50%
36 Emmanuel Emenike ST 42 21 (6) 2010-2014
50%
51 Ezequiel Ponce ST 27 6 (1) 2019-2020
50%
39 Ibson CM 38 3 (4) 2009-2009, 2010-2011
50%
88 Ivan Saenko RW 10 0 (1) 2009-2009
50%
52 Jordan Larsson RW 26 7 (4) 2019-2020
50%
40 Juan Manuel Insaurralde CB 38 2 (3) 2012-2015
50%
74 Lucas Barrios ST 16 2 (1) 2013-2015
50%
96 Marcos Rojo CB 8 0 (1) 2010-2012
50%
92 Mikhail Ignatov AM 9 1 (0) 2018-2020
50%
33 Nicolás Pareja CB 47 3 (1) 2009-2009, 2010-2013
50%
41 Nikolay Rasskazov RB 36 2 (1) 2018-2020
50%
58 Patrick Ebert RW 23 0 (4) 2013-2015
50%
73 Renat Sabitov CB 18 0 (0) 2009-2009
50%
69 Roman Shirokov CM 19 1 (3) 2014-2016
50%
28 Rômulo DM 61 3 (6) 2012-2017
50%
44 Samuel Gigot CB 35 5 (3) 2018-2020
50%
34 Sergey Bryzgalov CB 47 1 (0) 2010-2016
50%
55 Sofiane Hanni AM 25 3 (5) 2017-2019
50%
116 Soltmurad Bakaev RW 2 0 (0) 2019-2020
50%
84 Soslan Dzhanaev GK 12 0 (0) 2009-2009
50%
101 Vladimir Obukhov ST 5 0 (0) 2010-2011, 2012-2014
50%
46 Zelimkhan Bakaev RW 32 6 (10) 2017-2018, 2019-2020
50%
60 Aleksandr Kozlov LW 22 1 (1) 2009-2009, 2010-2013, 2015-2016
33%
70 Aleksandr Lomovitskiy RW 18 0 (1) 2018-2020
33%
35 Aleksandr Sheshukov CB 43 1 (1) 2009-2009, 2010-2012
33%
61 Aleksandr Zuev LW 22 0 (3) 2014-2017
33%
19 Andrey Eshchenko RB 74 1 (1) 2016-2020
33%
80 Andrey Ivanov LB 12 0 (0) 2009-2009
33%
56 Diniyar Bilyaletdinov AM 24 4 (1) 2010-2011, 2012-2014
33%
67 Fedor Kudryashov LB 20 0 (1) 2009-2009, 2010-2012
33%
114 Filip Ozobic AM 2 0 (0) 2009-2009, 2010-2011
33%
97 Georgiy Tigiev LB 7 0 (0) 2016-2018
33%
72 Guus Til AM 18 2 (3) 2019-2020
33%
75 Majeed Waris CF 15 1 (1) 2012-2015
33%
98 Maksim Glushenkov CF 6 0 (0) 2018-2020
33%
81 Marko Petkovic RB 12 0 (0) 2017-2019
33%
90 Maurício CB 10 1 (0) 2016-2017
33%
62 Nail Umyarov DM 22 0 (0) 2018-2020
33%
106 Nikola Drincic DM 4 0 (0) 2009-2009
33%
94 Ognjen Vukojevic DM 9 0 (1) 2012-2013
33%
95 Pavel Maslov CB 9 0 (1) 2019-2020
33%
59 Rodri CB 23 1 (1) 2010-2012
33%
107 Roman Eremenko AM 4 0 (0) 2018-2019
33%
42 Sergey Pesjakov GK 36 0 (0) 2009-2009, 2012-2017
33%
77 Vladimir Granat CB 14 0 (0) 2015-2016
33%
86 Vyacheslav Krotov ST 11 3 (0) 2012-2013, 2014-2015
33%
117 Aleksandr Belenov GK 1 0 (0) 2009-2009
17%
66 Aleksandr Tashaev RW 20 0 (1) 2018-2020
17%
47 Aleksandr Zotov CM 31 0 (2) 2009-2009, 2010-2012, 2015-2016
17%
118 Andrey Tikhonov AM 1 0 (1) 2010-2011
17%
109 Anton Khodyrev LB 3 0 (0) 2009-2009
17%
110 Anton Mitryushkin GK 3 0 (0) 2013-2015
17%
119 Artem Mamin CB 1 0 (0) 2017-2018
17%
112 Artem Samsonov DM 2 0 (0) 2017-2018
17%
57 Artem Timofeev DM 23 1 (1) 2014-2015, 2016-2019
17%
111 Artur Valikaev DM 3 0 (0) 2010-2011
17%
87 Cristian Maidana AM 10 0 (0) 2009-2009
17%
102 Denis Kutin RB 4 0 (0) 2014-2017
17%
103 Dmitriy Kayumov AM 4 1 (0) 2010-2011, 2012-2013
17%
113 Dmitriy Markitesov CM 2 0 (0) 2019-2020
17%
71 Georgiy Melkadze ST 18 0 (0) 2014-2016, 2018-2020
17%
104 Igor Gorbatenko AM 4 0 (0) 2012-2013
17%
120 Igor Kireev RM 1 0 (0) 2009-2009
17%
105 Igor Leontjev DM 4 0 (0) 2015-2017
17%
91 Ilya Gaponov CB 9 0 (0) 2018-2020
17%
115 Ilya Golosov LB 2 0 (0) 2019-2020
17%
49 João Carlos CB 30 1 (3) 2013-2015
17%
121 Nikita Bakalyuk CM 1 0 (0) 2019-2020
17%
93 Nikola Maksimović CB 9 0 (0) 2017-2018
17%
99 Nikolay Zabolotnyi GK 6 0 (0) 2010-2012
17%
122 Pavel Golyshev AM 1 0 (0) 2009-2009
17%
83 Pedro Rocha LW 12 1 (2) 2017-2019
17%
65 Reziuan Mirzov LW 21 1 (1) 2019-2020
17%
100 Soslan Gatagov LB 5 0 (0) 2010-2011, 2012-2013
17%
123 Sylvanus Nimely ST 1 0 (0) 2018-2019
17%
124 Vladislav Panteleev CM 1 0 (0) 2018-2019
17%
No matching quizzes found
Score Distribution
Percent of People with Each Score
Percentile by Number Answered
Your Score History
You have not taken this quiz